I R E S I E : (Record no. 60347)

MARC details
000 -CABECERA
campo de control de longitud fija 00407nam a2200157 a 4500
005 - FECHA Y HORA DE LA ÚLTIMA TRANSACCIÓN
campo de control 20210219152754.0
008 - ELEMENTOS DE LONGITUD FIJA--INFORMACIÓN GENERAL
campo de control de longitud fija 991125n dsi 000 0 eng u
035 ## - NÚMERO DE CONTROL DEL SISTEMA
Número de control de sistema UPN01000060603
245 ## - MENCIÓN DE TÍTULO
Título I R E S I E :
Resto del título BANCO DE DATOS SOBRE EDUCACION
260 ## - PUBLICACIÓN, DISTRIBUCIÓN, ETC.
Lugar de publicación, distribución, etc. Dsistrito Federal, Méxic
362 ## - FECHAS DE PUBLICACIÓN Y/O DESIGNACIÓN SECUENCIAL
Fecha de publicación y/o designación secuencial 1993
362 ## - FECHAS DE PUBLICACIÓN Y/O DESIGNACIÓN SECUENCIAL
Fecha de publicación y/o designación secuencial 1996
505 ## - NOTA DE CONTENIDO CON FORMATO PREESTABLECIDO
Nota de contenido con formato Incluye Guía del Usuario
904 ## - ELEMENTOS DE DATOS D LOCAL, LDD (RLIN)
a AC
b 001335
905 ## - TIPO DE MATERIAL
Tipo de material Revista

No items available.